Logo BPK

Biblioteka

Politechniki Koszalińskiej

Dane do kontroli toksyczności spalin : (Rekord nr 32349)

Szczegóły MARC
000 -ETYKIETA REKORDU
podpole kontrolne o stałej długości 00952nam a2200265 i 4500
001 - NUMER KONTROLNY REKORDU
pole kontrolne bg
020 ## - MIĘDZYNARODOWY ZNORMALIZOWANY NUMER KSIĄŻKI - ISBN
ISBN 8320611784
040 ## - ŹRÓDŁO KATALOGOWANIA
Instytucja, która utworzyła rekord BPK
041 1# - KOD JĘZYKA
Kod języka tekstu pl
Kod języka streszczenia lub abstraktu ru
Kod języka oryginału dede
080 ## - UNIWERSALNA KLASYFIKACJA DZIESIĘTNA - UKD
UKD 629.3:621.43](083.5)
920 ## - Międzynarodowy znormalizowany numer książki – ISBN
ISBN 83-206-1178-4
008 - POLE O STAŁEJ DŁUGOŚCI - DANE KONTROLNE
podpole kontrolne o stałej długości s pl f |000 0 pol
245 00 - TYTUŁ/ODPOWIEDZIALNOŚĆ
Tytuł Dane do kontroli toksyczności spalin :
Ciąg dalszy tytułu samochody 1989-1995 /
Pozostałe elementy strefy tytułu i oznaczenia odpowiedzialności [red. Ernst Wittner, Christoph Zürni ; tł. z niem. Wiesław Urbański, red. wyd. pol. Barbara Głuch].
246 ## - WARIANT TYTUŁU
Treść wyrażenia wprowadzającego Tyt. oryg.:
Tytuł Abgaswerte
260 ## - STREFA ADRESU WYDAWNICZEGO
Miejsce wydania Warszawa :
Nazwa wydawcy/dystrybutora Wydawnictwa Komunikacji i Łączności,
Data publikacji, dystrybucji/powstania dokumentu 1996.
300 ## - STREFA OPISU FIZYCZNEGO
Objętość Ca 160 s., [1]k.złoż.luz. :
Inne cechy fizyczne rys., wykr. ;
Rozmiary 23 cm.
500 ## - UWAGI OGÓLNE
Tekst uwagi Oryg. : "Abgaswerte".
500 ## - UWAGI OGÓLNE
Tekst uwagi Głównie tabele. - Rez.
650 #9 - HASŁO PRZEDMIOTOWE W FORMIE NAZWY OGÓLNEJ LUB JEDNOSTKOWEJ
Nazwa ogólna lub geograficzna Spaliny
Określnik ogólny pomiary
650 #9 - HASŁO PRZEDMIOTOWE W FORMIE NAZWY OGÓLNEJ LUB JEDNOSTKOWEJ
Nazwa ogólna lub geograficzna Silniki spalinowe
Określnik ogólny obsługa i eksploatacja
-- higiena
700 1# - HASŁO DODATKOWE - NAZWA OSOBOWA
Nazwa osobowa WITTNER, Ernst.
Określenie związku między hasłem a opisywanym materiałem Red.
700 1# - HASŁO DODATKOWE - NAZWA OSOBOWA
Nazwa osobowa ZÜRNI, Christoph.
Określenie związku między hasłem a opisywanym materiałem Red.
700 1# - HASŁO DODATKOWE - NAZWA OSOBOWA
Nazwa osobowa GŁUCH, Barbara.
Określenie związku między hasłem a opisywanym materiałem Red.
856 ## - LOKALIZACJA I DOSTĘP DO ELEKTRONICZNYCH DOKUMENTÓW ZDALNYCH
Link (URL) http://koha.tu.koszalin.pl/cgi-bin/koha/opac-detail.pl?biblionumber=32349
Tekst linku Katalog online BPK
942 ## - DODATKOWE ELEMENTY (KOHA)
Typ dokumentu Książka
Egzemplarze
Wycofany Status egzemplarza Uszkodzony Dostępność Lokalizacja stała Lokalizacja bieżąca Miejsce przechowywania Sygnatura Kod kreskowy Ostatnio wypożyczono Typ dokumentu
      Dostępny Biblioteka Politechniki Koszalińskiej Biblioteka Politechniki Koszalińskiej Wypożyczalnia BG 41084 01276268 10.11.2022 Książka
© 2023 Biblioteka Politechniki Koszalińskiej :: KOHA